000 00296nam a22001337a 4500
008 170306b xxu||||| |||| 00| 0 eng d
020 _a292964
041 _aeng
080 _25TH
_a611
100 _a6
101 _aSHM
245 _aESSENTIALS OF ANATOMY & PHYSIOLOGY
_cMARTINI
942 _2udc
_cBK
999 _c6911
_d6911